Verification and validation for quality of UML 2.0 madels
This book presents a practical checklist approach to enhancing the quality of software models created with the Unified Modeling Language (UML) Version 2.0. The foundation for quality is set by the discussion on the nature and creation of UML models. This is followed by a demonstration of how to appl...
Guardat en:
| Autor principal: | |
|---|---|
| Format: | Llibre |
| Idioma: | Undetermined |
| Publicat: |
Hoboken, NJ.
John Wiley
2005
|
| Matèries: | |
| Etiquetes: |
Afegir etiqueta
Sense etiquetes, Sigues el primer a etiquetar aquest registre!
|
| Thư viện lưu trữ: | Trung tâm Học liệu Trường Đại học Cần Thơ |
|---|
| LEADER | 01207nam a2200217Ia 4500 | ||
|---|---|---|---|
| 001 | CTU_153225 | ||
| 008 | 210402s9999 xx 000 0 und d | ||
| 020 | |c 57.94 | ||
| 082 | |a 005.14 | ||
| 082 | |b U54 | ||
| 100 | |a Unhelkar, Bhuvan | ||
| 245 | 0 | |a Verification and validation for quality of UML 2.0 madels | |
| 245 | 0 | |c Bhuvan Unhelkar | |
| 260 | |a Hoboken, NJ. | ||
| 260 | |b John Wiley | ||
| 260 | |c 2005 | ||
| 520 | |a This book presents a practical checklist approach to enhancing the quality of software models created with the Unified Modeling Language (UML) Version 2.0. The foundation for quality is set by the discussion on the nature and creation of UML models. This is followed by a demonstration of how to apply verification and validation checks to these models with three foci: syntactical correctness, semantic meaningfulness, and aesthetic symmetry | ||
| 650 | |a Computer software,Computer software,UML (Computer science),Phần mềm máy tính,Phần mềm máy tính,UML (khoa học máy tính) | ||
| 650 | |x Verification,Quality control,Kiểm tra,Kiểm soát chất lượng | ||
| 904 | |i QHieu | ||
| 980 | |a Trung tâm Học liệu Trường Đại học Cần Thơ | ||